Countries with Human Ancestor Fossils - Statistics

General Stats
  • This quiz has been taken 48 times
  • The average score is 18 of 28
Answer Stats
Species Country % Correct
H. erectus, H. neanderthalensis France
98%
H. erectus China
93%
H. heidelbergensis, H. neanderthalensis Germany
93%
Au. anamensis, H. erectus, H. habilis, H. rudolfensis, K. platyops, P. aethiopicus, P. boisei Kenya
90%
Ar. kadabba, Ar. ramidus, Au. afarensis, Au. deyiremeda, Au. garhi, H. erectus, P. boisei Ethiopia
88%
Au. africanus, Au. sediba, H. gautengensis, H. habilis, H. naledi, H. rhodesiensis, P. robustus South Africa
88%
H. heidelbergensis, H. neanderthalensis United Kingdom
88%
Au. afarensis, H. erectus, H. habilis, H. rhodesiensis, P. boisei Tanzania
85%
H. erectus Turkey
85%
H. cepranensis/heidelbergensis, H. neanderthalensis Italy
80%
H. erectus, H. heidelbergensis, H. neanderthalensis Spain
80%
H. heidelbergensis Greece
78%
H. erectus, H. floresiensis Indonesia
73%
H. heidelbergensis, H. neanderthalensis Israel
71%
H. neanderthalensis Iraq
68%
H. heidelbergensis Portugal
63%
H. erectus Algeria
56%
Au. bahrelghazali Chad
56%
H. rhodesiensis Morocco
56%
H. erectus/heidelbergensis Eritrea
54%
H. heidelbergensis Hungary
49%
H. heidelbergensis/rhodesiensis Zambia
49%
H. neanderthalensis Belgium
44%
H. rudolfensis Malawi
39%
H. neanderthalensis Croatia
29%
H. erectus Georgia
27%
H. tsaichangensis Taiwan
12%
H. neanderthalensis Uzbekistan
12%
No matching quizzes found
Score Distribution
Percent of People with Each Score
Percentile by Number Answered
Your Score History
You have not taken this quiz